000
00254pam a2200121 a 4500
020
_c
041
_h
100
_a
Dhaniel J.C. .,
_e
Author .
245
_a
Petronla
_h
Textual Documents
260
_a
[s.l]:
_b
Bomabay Na
300
_a
342.
930
_a
2165
999
_c
248016
_d
248016